000 02052nam0a2200409 4500
001 RU\NLR\bibl\1269101
005 20260406115455.0
010 _a978-5-85971-937-2
_93000
021 _aRU
_b2008-52285
_92894
035 _a(NLR Aleph) 001254995
090 _a343015
_c343015
100 _a20080903d2008 |||y0rusy50 ca
101 0 _arus
102 _aRU
105 _ay |||||||||
200 1 _aЭкономический анализ слияний/поглощений компаний
_dFinancial analysis of mergers and acguisitions
_fД. А. Ендовицкий, В. Е. Соболева
_zeng
210 _aМосква
_cКнорус
_d2008
215 _a439 с.
_d22
300 _aНа 4-й с. обл. авт.: Ендовицкий Д. А., д. э. н., проф., лауреат конкурса "Проф. команда страны", Соболева В. Е., к.э.н.
300 _aАвт. также на англ. яз.: D. A. Endovitsky, V. E. Soboleva
320 _aБиблиогр.: с. 423-439 (250 назв.)
510 0 _6z77790
_aFinancial analysis of mergers and acguisitions
_zeng
606 1 _aФирмы
_xСлияние
_92388889
_3RU\NLR\auth\661424787
606 1 _aФирмы
_xЭкономический анализ
_92533748
_3RU\NLR\auth\661500645
686 _aУ29(2Р)
686 _aУ053.9(2)229(2Р)
700 1 _4070
_8rus
_7ca
_aЕндовицкий
_bД. А.
_f1970-
_gДмитрий Александрович
_3RU\NLR\AUTH\77374
_9110429
701 1 _4070
_8rus
_7ca
_aСоболева
_bВ. Е
_cканд. экон. наук
_f1983-
_gВалерия Евгениевна
_3RU\NLR\AUTH\7772975
_955903
790 1 _4070
_8rus
_7ca
_aEndovickij
_bD. A.
_f1970-
_gDmitrij Aleksandrovič
_3RU\NLR\AUTH\7773411
_956339
790 1 _4070
_8rus
_7ba
_aSoboleva
_bV. E.
_cканд. экон. наук
_f1983-
_gValerija Evgenievna
_3RU\NLR\AUTH\7773415
_956343
801 0 _aRU
_bNLR
_c20080903
_gRCR
801 1 _aRU
_bNLR
_c20080903
830 _aпо кн.
942 _cBOOK
980 _aNB